000 00556nam a2200193 i 4500
001 bg
100 1 _aKOZŁOWSKI, Jerzy
245 0 _aPodstawy elektromagnetyzmu /
_cJerzy Kozłowski, Wojciech Machczyński ; Politechnika Poznańska.
260 _aPoznań :
_bWydaw. PP,
_c1993.
650 9 _aElektromagnetyzm
655 _aPodręczniki akademickie
700 1 _aMACHCZYŃSKI, Wojciech
710 _aPolitechnika Poznańska
040 _cBPK
041 _apol
080 _a537.8(075.8)
942 _cKS
008 s pl f |000 0 pol
999 _c35259
_d35259
856 _uhttp://koha.tu.koszalin.pl/cgi-bin/koha/opac-detail.pl?biblionumber=35259
_yKatalog online BPK